| 000 | 00339nam a22001457a 4500 | ||
|---|---|---|---|
| 020 | _a81-8204-069-8 | ||
| 082 |
_a651.3 _bVER |
||
| 100 | _aVERMA, HEMA | ||
| 245 | _aPURCHASING & MATERIALS MANAGEMENT | ||
| 260 |
_aDELHI _bAMAN _c2011 |
||
| 300 | _a224 | ||
| 650 | _aPURCHASING MANAGEMENT | ||
| 653 | _aPURCHASE, MATERIAL | ||
| 942 |
_2ddc _cBK |
||
| 999 |
_c8076 _d8076 |
||